01011nam a22002534aa4500003000800000005001700008008004100025040003000066041000800096044000700104082001800111100003500129245018600164260002500350300004200375500003600417502018000453650002900633653001300662653001500675653001400690653001200704700004100716BOFEUTO20260512174106.0260504t2025 bo gr 000 f spa d 6BOFEUTOaBOFEUTOcBOFEUTO aspa abo aTE6310bP426e aPérez Viscarra, Erickeautor aEstrategias de Flywheel marketing para incrementar la cantidad de estudiantes del Instituto Maranatha del Municipio de Oruro. /cErick Pérez Viscarra, Douglas Guzmán Gutiérrez aOruro :bs/n,c2025. a144 hojas ;btab, gráf. ;c28.5 cm. aIncluye bibliografía, anexos. aTesis Dirigida, (Licenciatura) -- Universidad Técnica de Oruro, Facultad de Ciencias Económicas, Financieras y Administrativas, Carrera Administración de Empresas, 2025. aEstrategias de Marketing aCantidad aIncremento aMarketing aSistema aGuzmán Gutiérrez, Douglasetutor